00561nam a2200169 a 450000500170000000800410001704000120005804100080007004400070007810000280008524501400011326000530025330000110030670000230031770000230034070000280036320141204135405.0140127b2002 ck ||||| |||| 00| 0 spa d cCO-BoIH aspa ack aRudas Lleras, Guillermo aConstrucción de la línea base de información ambiental para Colombia y elaboración del diagnóstico ambiental con corte a 2001 aBogotábInstituto Alexander von Humboldtc2002 a360 p. aArmenteras, Dolors aRodríguez, Nelly aRomero, Milton Hernán